000
00297nam a2200133Ia 4500
008
260604s9999 xx 000 0 und d
020
_a
9789393285379
082
_a
891.433 MIS
100
_a
MISHRA
_9
35310
245
0
_a
VIDAMBANA AAZADI (HINDI)
260
_b
DPS
500
_a
Aazadi
942
_c
BK
999
_c
8085
_d
8085